| 000 | 00894nam a22002537a 4500 | ||
|---|---|---|---|
| 999 |
_c19998 _d19998 |
||
| 003 | AR-CdUCM | ||
| 008 | 190524b ||||| |||| 00| 0 spa d | ||
| 040 |
_aMUNICIPALIDAD PROVINCIAL DEL CUSCO _cBIBLIOTECA MUNICIPAL DEL CUSCO |
||
| 041 | _heng | ||
| 082 |
_a332.4 / _bR71 |
||
| 100 |
_aRobinson, Hendley W. _941832 |
||
| 245 | _aEl dinero en la sociedad moderna / | ||
| 260 |
_aMéxico : _bAguilar, _c1949. |
||
| 300 |
_a302 páginas ; _c19 cm. |
||
| 440 |
_aBiblioteca de ciencias económicas , políticas y sociales _941833 |
||
| 505 | _aContenido: La génesis del dinero -- La evolución de la banca -- El banco de Inglaterra... | ||
| 650 |
_aEconomía _9382 |
||
| 650 |
_aMercado _942 |
||
| 650 |
_aCapitalismo _93221 |
||
| 700 |
_aVerea Rial, Ramon (traducción) _941834 |
||
| 700 |
_aTorres, Manuel de (introducción) _941835 |
||
| 942 |
_2ddc _cLIBROS |
||
| 945 |
_adavv _d2019-05-24 |
||